| 000 | 01404nam a2200301 b 4500 | ||
|---|---|---|---|
| 001 | bimo0000539747 | ||
| 003 | AR-RoIUNI | ||
| 005 | 20210304122025.0 | ||
| 007 | ta | ||
| 008 | 961202s1995 -uk| ||| ||spa d | ||
| 016 | 7 |
_abimoBNE19960795652 _2SpMaBN |
|
| 020 | _a0521476496 | ||
| 035 | _a(OCoLC)432165040 | ||
| 040 |
_aSpMaBN _cIUNIR |
||
| 041 | 1 |
_aspa _heng |
|
| 080 | _a159.95 | ||
| 100 | 1 |
_aEco, Umberto _d1932-2016 |
|
| 240 | 1 | 0 |
_aInterpretation and overinterpretation _lEspañol |
| 245 | 1 | 0 |
_aInterpretación y sobreinterpretación / _cHumberto Eco ; con colaboraciones de Richard Rorty, Jonathan Culler, Christine Brooke-Rose ; compilación de Stefan Collini ; traducción, Juan Gabriel López Guix. |
| 260 |
_aCambridge : _bCambridge University Press, _c1995. |
||
| 300 |
_a164 p. ; _c22 cm |
||
| 505 | 0 |
_tIntroducción : interpretación terminable e interminable / _rStefan Collini -- _t1. Interpretación e historia / _rUmberto Eco -- _t2. La sobreinterpretación de textos / _rUmberto Eco -- _t3. Entre el autor y el texto / _rUmberto Eco -- _t4. El progreso del pragmatista / _rRichard Rorty -- _t5. En defensa de la sobreinterpretación / _rJonathan Culler -- _t6. Historia-palimpsesto / _rChristine Brooke-Rose -- _t7. Réplica / _rUmberto Eco. |
|
| 650 | 4 |
_aPSICOLOGÍA _9108 |
|
| 650 | 4 | _aSEMIÓTICA | |
| 650 | 4 | _aANÁLISIS DEL DISCURSO | |
| 700 | 1 | _aCollini, Stefan | |
| 942 |
_2cdu _cBK |
||
| 999 |
_c3320 _d3320 |
||